Die teuersten Fußballtransfers - Geboren 1987 - Statistiken

Allgemein
  • Dieses Quiz wurde 58 mal gespielt
  • Das Durchschnittsergebnis liegt bei 8 aus 10
Antwortstatistiken
Ablöse (M €) Saison Nationalität Abgebender Aufnehmender Verein Spieler % Korrekt
81,72 2014-2015 Uruguay FC Liverpool FC Barcelona Luis Suárez
98%
38,25 2015-2016 Chile Juventus Turin Bayern München Arturo Vidal
94%
90,00 2016-2017 Argentinien SSC Neapel Juventus Turin Gonzalo Higuaín
94%
36,00 2013-2014 Argentinien Real Madrid SSC Neapel Gonzalo Higuaín
94%
64,50 2013-2014 Uruguay SSC Neapel Paris SG Edinson Cavani
92%
35,00 2009-2010 Frankreich Olympique Lyon Real Madrid Karim Benzema
83%
42,00 2017-2018 Italien Juventus Turin AC Mailand Leonardo Bonucci
81%
35,00 2018-2019 Italien AC Mailand Juventus Turin Leonardo Bonucci
81%
49,50 2014-2015 Brasilien FC Chelsea Paris SG David Luiz
62%
35,00 2016-2017 Brasilien Pairs SG FC Chelsea David Luiz
62%
Keine übereinstimmenden Quizze gefunden
Verteilung der Resultate
Anzahl Personen mit jedem Resultat
Perzentil nach korrekt beantworteten Fragen
Ihre Resultats-Entwicklung
Sie haben dieses Quiz noch nicht gespielt